2024 in Sports - Statistics

General Stats
  • This quiz has been taken 28 times
  • The average score is 12 of 18
Answer Stats
Hint Answer % Correct
Player who made football history by scoring his 900th career goal Cristiano Ronaldo
93%
This tennis great retired Rafael Nadal
93%
Players that became the first NBA father-son duo (use first names) LeBron James
86%
Player who 'completed tennis' after winning his first Olympic gold Novak Djokovic
82%
Country which won the 2024 Euros Spain
82%
Player who lead Team USA to their fifth consecutive basketball gold medal Stephen Curry
82%
The two boxers who took on each other in a multi-million dollar bout Jake Paul
79%
The two boxers who took on each other in a multi-million dollar bout Mike Tyson
79%
She became the most decorated American gymnast in Olympic history Simone Biles
79%
NFL team who won their second consecutive Superbowl Kansas City Chiefs
75%
Team who won their first NBA title in 16 years Boston Celtics
64%
The first German football team to go a whole season undefeated in the Bundesliga Bayer Leverkusen
57%
Players that became the first NBA father-son duo (use first names) Bronny James
57%
17-year-old talent who burst onto the professional darts scene Luke Littler
54%
Sprinter who won the Olympic 100m final by 0.005 seconds Noah Lyles
54%
Swimmer who became the most decorated American female Olympian in history Katie Ledecky
46%
Boxer who dominated the heavyweight division with two wins over Tyson Fury Oleksandr Usyk
32%
This chess player become the youngest world champion Gukesh Dommaraju
11%
No matching quizzes found
Score Distribution
Percent of People with Each Score
Percentile by Number Answered
Your Score History
You have not taken this quiz